Academics in retreat : (Record no. 264)

MARC details
000 -CABECERA
campo de control de longitud fija 00729nam a2200229 a 4500
005 - FECHA Y HORA DE LA ÚLTIMA TRANSACCIÓN
campo de control 20240924065304.0
008 - ELEMENTOS DE LONGITUD FIJA--INFORMACIÓN GENERAL
campo de control de longitud fija 991125s1971 ea 000 0 eng u
020 ## - NÚMERO INTERNACIONAL NORMALIZADO PARA LIBROS
Número Internacional Estándar del Libro 0826302092
035 ## - NÚMERO DE CONTROL DEL SISTEMA
Número de control de sistema UPN01000000264
049 ## - COLECCIÓN
Colección CG
050 #4 - SIGNATURA TOPOGRÁFICA DE LA BIBLIOTECA DEL CONGRESO
Número de clasificación LB2331
Número de documento/Ítem F3.2
100 1# - ASIENTO PRINCIPAL--NOMBRE PERSONAL
Nombre de persona Fashing, Joseph
245 10 - MENCIÓN DE TÍTULO
Título Academics in retreat :
Resto del título the politics of educational innovation /
Mención de responsabilidad, etc. by Joseph Fashing and Steven E. Deutsch.
260 ## - PUBLICACIÓN, DISTRIBUCIÓN, ETC.
Lugar de publicación, distribución, etc. Alburquerque, E.U.A. :
Nombre del editor, distribuidor, etc. University of New México,
Fecha de publicación, distribución, etc. 1971.
300 ## - DESCRIPCIÓN FÍSICA
Extensión 325 p.
650 #4 - ASIENTO SECUNDARIO DE MATERIA - TERMINO TEMATICO
Término de materia o nombre geográfico como elemento de entrada Innovaciones educativas
9 (RLIN) 386
650 #7 - ASIENTO SECUNDARIO DE MATERIA - TERMINO TEMATICO
Término de materia o nombre geográfico como elemento de entrada Educación superior
Subdivisión geográfica Estados Unidos
Fuente del encabezamiento o término
9 (RLIN) 15203
650 #4 - ASIENTO SECUNDARIO DE MATERIA - TERMINO TEMATICO
Término de materia o nombre geográfico como elemento de entrada Educación y Estado
9 (RLIN) 19
700 1# - ASIENTO SECUNDARIO--NOMBRE DE PERSONAL
Nombre de persona Deutsch, Steven E.,
Término indicativo de función/relación coaut.
905 ## - TIPO DE MATERIAL
Tipo de material Libro
Holdings
Estado de retiro Estado de pérdida Fuente del sistema de clasificación o colocación Estado dañado No para préstamo Código de colección Localización permanente Ubicación/localización actual Ubicación en estantería Fecha de adquisición Total de préstamos Clasificación Código de barras Fecha visto por última vez Fecha del último préstamo Número de copia Tipo de ítem Koha
    Library of Congress Classification     Colección General Bib. Gregorio Torres Quintero Bib. Gregorio Torres Quintero Planta baja 30/11/2022 1 LB2331 F3.2 35513 01/12/2022 30/11/2022 1 Libro